[Event "48th NED-ch"]
[Site "Eindhoven NED"]
[Date "1992.03.23"]
[Round "6"]
[White "Nijboer, Friso"]
[Black "Knoppert, Erik"]
[Result "1-0"]
[WhiteElo "2455"]
[BlackElo "2345"]
[EventDate "1992.03.17"]
[PlyCount "97"]

1.e4 Nf6 2.e5 Nd5 3.d4 d6 4.Nf3 g6 5.Bc4 Nb6 6.Bb3 Bg7 7.O-O O-O 8.a4 c6 
9.a5 Nd5 10.exd6 Qxd6 11.Nbd2 Bg4 12.h3 Bxf3 13.Nxf3 Nd7 14.c4 Nb4 15.c5 
Qc7 16.Qe1 Nd3 17.Qxe7 Bf6 18.Qe3 Nxc1 19.Qxc1 b6 20.axb6 axb6 21.Rxa8 
Rxa8 22.cxb6 Nxb6 23.Re1 Qd6 24.Ne5 Bxe5 25.dxe5 Qb4 26.e6 fxe6 27.Bxe6+ 
Kg7 28.Rd1 Rf8 29.b3 Qe4 30.Bg4 Rf6 31.Qc5 Nd5 32.Bf3 Rxf3 33.gxf3 Qxf3 
34.Qd4+ Kh6 35.Qh4+ Kg7 36.Qd4+ Kh6 37.Qd3 Qf6 38.Qg3 Nf4 39.Kh2 g5 40.Qe3
Ng6 41.Rd4 Kg7 42.Kg1 Nf4 43.Rd7+ Kh6 44.Qe4 Ng6 45.b4 Qa1+ 46.Kh2 Qf6 47.
Qd4 Qf8 48.Rd6 Qf3 49.Rf6 1-0

[Event "48th NED-ch"]
[Site "Eindhoven NED"]
[Date "1992.03.23"]
[Round "6"]
[White "Van der Sterren, Paul"]
[Black "Van Mil, Johannes"]
[Result "1-0"]
[WhiteElo "2535"]
[BlackElo "2445"]
[EventDate "1992.03.17"]
[PlyCount "57"]

1.Nf3 f5 2.g3 Nf6 3.Bg2 g6 4.O-O Bg7 5.d4 O-O 6.c4 d6 7.Nc3 Qe8 8.d5 Na6 
9.Rb1 c5 10.dxc6 bxc6 11.b4 Rb8 12.b5 cxb5 13.cxb5 Nc5 14.Nd4 Nfe4 15.Nxe4
Nxe4 16.Nc6 Rb7 17.Bxe4 fxe4 18.Qd5+ Qf7 19.Qxf7+ Kxf7 20.Be3 a6 21.b6 Bd7
22.Na5 Rbb8 23.Rfc1 d5 24.b7 d4 25.Bf4 e5 26.Bd2 Bb5 27.Rc7+ Kg8 28.Rxb5 
axb5 29.Nc6 1-0

[Event "48th NED-ch"]
[Site "Eindhoven NED"]
[Date "1992.03.23"]
[Round "6"]
[White "Van der Wiel, John"]
[Black "Piket, Jeroen"]
[Result "1/2-1/2"]
[WhiteElo "2540"]
[BlackElo "2615"]
[EventDate "1992.03.17"]
[PlyCount "49"]

1.e4 e5 2.Nf3 Nc6 3.d4 exd4 4.Nxd4 Nf6 5.Nxc6 bxc6 6.e5 Qe7 7.Qe2 Nd5 8.c4
Nb6 9.b3 g6 10.a4 a5 11.Ba3 c5 12.Nc3 Bg7 13.f4 f6 14.Bxc5 Qxc5 15.exf6+ 
Kf7 16.fxg7 Kxg7 17.O-O-O Bb7 18.Qe5+ Qxe5 19.fxe5 Rad8 20.Nb5 Rhe8 21.Bd3
Rxe5 22.Rhe1 Rde8 23.Rxe5 Rxe5 24.g3 c5 25.Kd2 1/2-1/2

[Event "48th NED-ch"]
[Site "Eindhoven NED"]
[Date "1992.03.24"]
[Round "7"]
[White "Bosboom, Manuel"]
[Black "Van der Sterren, Paul"]
[Result "0-1"]
[WhiteElo "2455"]
[BlackElo "2535"]
[EventDate "1992.03.17"]
[PlyCount "122"]

1.e4 e5 2.Nf3 Nc6 3.Bb5 a6 4.Bxc6 dxc6 5.O-O f6 6.d4 exd4 7.Nxd4 c5 8.Nb3 
Qxd1 9.Rxd1 Bg4 10.f3 Be6 11.Bf4 c4 12.Nd4 O-O-O 13.Nc3 Bc5 14.Be3 Ne7 15.
Kf2 Bf7 16.a3 Bd6 17.h3 b5 18.f4 h5 19.Rd2 h4 20.Rad1 Rde8 21.Nf3 Nc6 22.
Nd4 Nxd4 23.Rxd4 Re7 24.R4d2 Rhe8 25.Kg1 Bg6 26.e5 fxe5 27.f5 Bxf5 28.Bg5 
Bc5+ 29.Kh2 Rd7 30.Rxd7 Bxd7 31.Bxh4 Bf5 32.Rf1 Bg6 33.Nd5 Kb7 34.c3 c6 
35.Nb4 a5 36.Na2 e4 37.Nc1 e3 38.Ne2 Bd3 39.Rf7+ Kb6 40.Ng1 e2 41.Nf3 g6 
42.Ne1 Rf8 43.Rxf8 Bxf8 44.Bf2+ c5 45.Be3 Bd6+ 46.g3 Kc6 47.Kg2 b4 48.a4 
Be5 49.Bd2 Kd5 50.Kf3 Bf5 51.g4 Bd7 52.Ng2 Bxa4 53.Ne3+ Ke6 54.Nxc4 Bd1 
55.Kf2 Bf6 56.Kg3 bxc3 57.bxc3 Bg5 58.Be1 a4 59.h4 Bc1 60.h5 gxh5 61.gxh5 
a3 0-1

[Event "48th NED-ch"]
[Site "Eindhoven NED"]
[Date "1992.03.24"]
[Round "7"]
[White "Cifuentes Parada, Roberto"]
[Black "Van der Wiel, John"]
[Result "1/2-1/2"]
[WhiteElo "2540"]
[BlackElo "2540"]
[EventDate "1992.03.17"]
[PlyCount "72"]

1.d4 e6 2.Nf3 Nf6 3.Bg5 h6 4.Bxf6 Qxf6 5.e4 d6 6.Nc3 Qd8 7.Qd2 Nd7 8.O-O-O
a6 9.Kb1 c5 10.h4 b5 11.dxc5 Nxc5 12.Qe3 Qb6 13.Nd4 Bd7 14.e5 b4 15.Nce2 
d5 16.Rh3 Rc8 17.Qf4 Be7 18.Qg4 Rh7 19.Rf3 h5 20.Qf4 g6 21.Ng1 Ne4 22.Nh3 
a5 23.Ng5 Bxg5 24.hxg5 Nc3+ 25.bxc3 bxc3+ 26.Nb3 a4 27.Qd4 Qc7 28.Ba6 Rb8 
29.Rxc3 Qa5 30.Be2 axb3 31.cxb3 Rb4 32.Qc5 Qxc5 33.Rxc5 Re4 34.Rc2 Rxe5 
35.f4 Re4 36.g3 h4 1/2-1/2

[Event "48th NED-ch"]
[Site "Eindhoven NED"]
[Date "1992.03.24"]
[Round "7"]
[White "Knoppert, Erik"]
[Black "Brenninkmeijer, Joris"]
[Result "1/2-1/2"]
[WhiteElo "2345"]
[BlackElo "2500"]
[EventDate "1992.03.17"]
[PlyCount "78"]

1.e4 e6 2.d4 d5 3.e5 c5 4.c3 Nc6 5.Nf3 Bd7 6.Be2 Nge7 7.O-O Ng6 8.g3 cxd4 
9.cxd4 Be7 10.h4 O-O 11.h5 Nh8 12.Nc3 f6 13.exf6 Bxf6 14.Re1 Nf7 15.Bf4 
Ng5 16.Bxg5 Bxg5 17.Bb5 Qf6 18.Bxc6 bxc6 19.Kg2 Qf7 20.Qd3 Qxh5 21.Rh1 
Qxf3+ 22.Qxf3 Rxf3 23.Kxf3 Bf6 24.Rhd1 Rb8 25.Na4 Rb4 26.Nc5 Bc8 27.Ke3 e5
28.dxe5 Bxe5 29.Nd3 Bd4+ 30.Kf3 Rb6 31.Rac1 Bf5 32.b3 h5 33.Kg2 g5 34.Rd2 
Bf6 35.Nb2 Kf7 36.Na4 Ra6 37.Nc5 Rb6 38.Na4 Ra6 39.Nc5 Rb6 1/2-1/2

[Event "48th NED-ch"]
[Site "Eindhoven NED"]
[Date "1992.03.24"]
[Round "7"]
[White "Piket, Jeroen"]
[Black "Kuijf, Marinus"]
[Result "1-0"]
[WhiteElo "2615"]
[BlackElo "2440"]
[EventDate "1992.03.17"]
[PlyCount "77"]

1.c4 e6 2.Nc3 d5 3.d4 c5 4.cxd5 cxd4 5.Qa4+ Bd7 6.Qxd4 exd5 7.Qxd5 Nc6 8.
e3 Nf6 9.Qb3 Bc5 10.Nf3 Qe7 11.Be2 O-O-O 12.Bd2 Kb8 13.Rc1 Be6 14.Qa4 Rhg8
15.O-O g5 16.Rfd1 Bd7 17.Nb5 Ne4 18.Qc4 g4 19.Nfd4 Ne5 20.Qc2 f5 21.Ba5 
Rc8 22.Bc7+ Ka8 23.Qb3 Nf3+ 24.Bxf3 gxf3 25.Bg3 f4 26.Nc7+ Rxc7 27.Qxg8+ 
Rc8 28.Qd5 fxg3 29.hxg3 fxg2 30.b4 Bb6 31.Nf5 Bxf5 32.Qxf5 Rxc1 33.Rxc1 a6
34.Qf4 Ka7 35.Kxg2 Qxb4 36.Rc8 Bc5 37.Qb8+ Kb6 38.Qc7+ Ka7 39.Qd8 1-0

[Event "48th NED-ch"]
[Site "Eindhoven NED"]
[Date "1992.03.24"]
[Round "7"]
[White "Sosonko, Gennadi"]
[Black "Klarenbeek, Hans"]
[Result "1-0"]
[WhiteElo "2530"]
[BlackElo "2415"]
[EventDate "1992.03.17"]
[PlyCount "85"]

1.d4 d6 2.Nf3 g6 3.g3 Bg7 4.Bg2 Nf6 5.O-O O-O 6.Nc3 Nbd7 7.e4 e5 8.h3 c6 
9.a4 a5 10.Be3 Re8 11.dxe5 dxe5 12.Qe2 b6 13.Rfd1 Ba6 14.Qe1 Qc7 15.Bf1 
Bf8 16.Bxa6 Rxa6 17.Qe2 Raa8 18.Qc4 Bc5 19.Bxc5 Nxc5 20.Rd2 Rad8 21.Rad1 
Rxd2 22.Rxd2 Qe7 23.b3 Kg7 24.Kg2 h6 25.Rd1 Qe6 26.Qxe6 Rxe6 27.Nd2 Rd6 
28.Nc4 Rxd1 29.Nxd1 Nfd7 30.Kf3 Ne6 31.Ke3 Nd4 32.Nxe5 Nxc2+ 33.Kd2 Nxe5 
34.Kxc2 Nd7 35.Ne3 Nc5 36.Nc4 Nd7 37.Kc3 Kf6 38.Kd4 Ke6 39.f4 Nc5 40.Nxa5 
Nxe4 41.Kxe4 bxa5 42.Kd4 Kd6 43.Kc4 1-0

[Event "48th NED-ch"]
[Site "Eindhoven NED"]
[Date "1992.03.24"]
[Round "7"]
[White "Van Mil, Johannes"]
[Black "Nijboer, Friso"]
[Result "1/2-1/2"]
[WhiteElo "2445"]
[BlackElo "2455"]
[EventDate "1992.03.17"]
[PlyCount "110"]

1.e4 d6 2.d4 Nf6 3.Nc3 g6 4.Nf3 Bg7 5.Be2 O-O 6.O-O Bg4 7.a4 e5 8.dxe5 
dxe5 9.Qxd8 Rxd8 10.Bg5 Nbd7 11.h3 Be6 12.Rfd1 c6 13.Be3 h6 14.Nd2 Bf8 15.
Nc4 Bxc4 16.Bxc4 a5 17.Kf1 Kg7 18.f3 Bc5 19.Bd2 Ne8 20.Ne2 Nd6 21.Bb3 Nb6 
22.Nc1 Nbc4 23.Nd3 Bd4 24.c3 Be3 25.Be1 Bb6 26.Bf2 Bxf2 27.Kxf2 Kf6 28.
Bxc4 Nxc4 29.b3 Nd6 30.Rd2 b6 31.Rad1 Nb7 32.g3 Ke6 33.f4 f6 34.Ke3 Rd6 
35.Nb2 Rxd2 36.Rxd2 b5 37.Nd3 g5 38.fxg5 fxg5 39.Rf2 bxa4 40.bxa4 Nd6 41.
Nc5+ Ke7 42.Kd3 Rb8 43.Rf6 Kxf6 44.Nd7+ Ke6 45.Nxb8 Nb7 46.Kc4 Kd6 47.Na6 
h5 48.g4 h4 49.Nc5 Nd8 50.Nb3 Ne6 51.Nxa5 Nc5 52.Kb4 Nd3+ 53.Kc4 Nc5 54.
Kb4 Nd3+ 55.Kc4 Nc5 1/2-1/2

[Event "48th NED-ch"]
[Site "Eindhoven NED"]
[Date "1992.03.26"]
[Round "8"]
[White "Brenninkmeijer, Joris"]
[Black "Van Mil, Johannes"]
[Result "1/2-1/2"]
[WhiteElo "2500"]
[BlackElo "2445"]
[EventDate "1992.03.17"]
[PlyCount "82"]

1.d4 f5 2.g3 Nf6 3.Bg2 g6 4.Nf3 Bg7 5.O-O O-O 6.b3 d6 7.Bb2 Qe8 8.c4 h6 9.
Nbd2 g5 10.e3 c6 11.Qc2 Na6 12.Bc3 Qh5 13.Rae1 Nc7 14.h3 Bd7 15.Nh2 Qg6 
16.e4 fxe4 17.Nxe4 Bf5 18.g4 Bxe4 19.Bxe4 Nxe4 20.Qxe4 Qxe4 21.Rxe4 e6 22.
Rd1 d5 23.Re3 Rad8 24.c5 b6 25.cxb6 axb6 26.Nf3 Rf4 27.a4 c5 28.Kg2 Re4 
29.Rc1 Na6 30.dxc5 Rxe3 31.fxe3 Bxc3 32.Rxc3 bxc5 33.Ne5 Kf8 34.Nd3 Rb8 
35.Kf2 Ke7 36.Nxc5 Nxc5 37.Rxc5 Rxb3 38.Rc7+ Kf6 39.Rh7 Kg6 40.Ra7 Kf6 41.
Rh7 Kg6 1/2-1/2

[Event "48th NED-ch"]
[Site "Eindhoven NED"]
[Date "1992.03.26"]
[Round "8"]
[White "Cifuentes Parada, Roberto"]
[Black "Sosonko, Gennadi"]
[Result "1/2-1/2"]
[WhiteElo "2540"]
[BlackElo "2530"]
[EventDate "1992.03.17"]
[PlyCount "117"]

1.c4 e6 2.Nf3 d5 3.g3 Nf6 4.Bg2 Be7 5.O-O O-O 6.d4 Nbd7 7.Qc2 c6 8.b3 b6 
9.Rd1 Ba6 10.Nbd2 Rc8 11.e4 c5 12.exd5 exd5 13.Qf5 g6 14.Qh3 h5 15.Bb2 Rc7
16.Bh1 Bb7 17.Re1 Ng4 18.Rad1 Re8 19.Ne5 Ndxe5 20.dxe5 d4 21.Bxb7 Rxb7 22.
Qg2 Rc7 23.h3 Nh6 24.Ne4 Qc8 25.Bc1 Kh7 26.Bf4 Qf5 27.Nd6 Bxd6 28.exd6 
Rxe1+ 29.Rxe1 Rd7 30.Kh2 Ng8 31.Re5 Qc2 32.Qf3 Rxd6 33.Rxh5+ gxh5 34.Bxd6 
Kg6 35.Kg2 Nf6 36.g4 hxg4 37.hxg4 Qe4 38.Bf4 Qe6 39.Qd3+ Qe4+ 40.Qxe4+ 
Nxe4 41.f3 Nc3 42.a4 Ne2 43.Bd2 d3 44.Kf2 Nd4 45.Ke3 f5 46.Bc3 fxg4 47.
fxg4 Nxb3 48.Kxd3 Kg5 49.Kc2 Nd4+ 50.Bxd4 cxd4 51.Kd3 Kxg4 52.Kxd4 Kf5 53.
Kd5 Kf6 54.Kd6 Kf5 55.Kd5 Kf6 56.Kd6 Kf5 57.a5 Ke4 58.Kc6 bxa5 59.Kb5 
1/2-1/2

[Event "48th NED-ch"]
[Site "Eindhoven NED"]
[Date "1992.03.26"]
[Round "8"]
[White "Klarenbeek, Hans"]
[Black "Knoppert, Erik"]
[Result "1-0"]
[WhiteElo "2415"]
[BlackElo "2345"]
[EventDate "1992.03.17"]
[PlyCount "113"]

1.d4 Nf6 2.c4 c5 3.d5 b5 4.cxb5 a6 5.b6 d6 6.Nc3 Qxb6 7.a4 g6 8.a5 Qc7 9.
e4 Bg7 10.Nf3 O-O 11.Be2 e6 12.O-O Re8 13.dxe6 Bxe6 14.Bf4 Rd8 15.e5 dxe5 
16.Bxe5 Qe7 17.Qa4 Bd7 18.Qa3 Bc6 19.Rad1 Nd5 20.Bxg7 Kxg7 21.Nxd5 Bxd5 
22.Qc3+ Kg8 23.Rfe1 Nc6 24.Bc4 Be6 25.Bxe6 fxe6 26.Rxd8+ Rxd8 27.Qc4 Nxa5 
28.Qxa6 Nb3 29.h3 Rd6 30.Qc4 Rb6 31.h4 Qd6 32.h5 Nd4 33.Nxd4 Qxd4 34.Qa2 
c4 35.Qa8+ Kg7 36.Qa7+ Kh6 37.hxg6 hxg6 38.Re3 Qd1+ 39.Kh2 Rb5 40.Rh3+ Rh5
41.Qe3+ Kh7 42.Rxh5+ Qxh5+ 43.Qh3 Qxh3+ 44.Kxh3 Kg7 45.Kg4 Kf6 46.Kf4 e5+ 
47.Kg4 Ke6 48.Kg5 Kf7 49.g3 Kg7 50.g4 Kf7 51.f4 e4 52.Kh4 Ke6 53.Kg3 Kd5 
54.Kf2 Kd4 55.Ke2 Kc5 56.Ke3 Kd5 57.g5 1-0

[Event "48th NED-ch"]
[Site "Eindhoven NED"]
[Date "1992.03.26"]
[Round "8"]
[White "Nijboer, Friso"]
[Black "Bosboom, Manuel"]
[Result "1-0"]
[WhiteElo "2455"]
[BlackElo "2455"]
[EventDate "1992.03.17"]
[PlyCount "82"]

1.e4 c5 2.Nf3 e6 3.d4 cxd4 4.Nxd4 a6 5.Bd3 Ne7 6.O-O Nbc6 7.Nb3 Ng6 8.c4 
Qc7 9.f4 Nb4 10.Nc3 d6 11.Be2 Be7 12.Be3 O-O 13.Qd2 Bd7 14.Rac1 Rfd8 15.a3
Nc6 16.Na4 Na5 17.Qxa5 Qxa5 18.Nxa5 Bxa4 19.b4 Rd7 20.Bd1 Bc6 21.Nxc6 bxc6
22.Ba4 Rc7 23.g3 Nf8 24.Rfd1 Rcc8 25.f5 g5 26.f6 Bxf6 27.Rxd6 Bb2 28.Rb1 
a5 29.Rxb2 axb4 30.Rxc6 bxa3 31.Ra2 Rd8 32.Bb5 Rd3 33.Kf2 Ng6 34.Ra6 Rxa6 
35.Bxa6 Ne5 36.Bc5 Rc3 37.Bxa3 h5 38.c5 h4 39.Kg2 Kh7 40.Bb4 Rb3 41.Bd2 g4
1-0

[Event "48th NED-ch"]
[Site "Eindhoven NED"]
[Date "1992.03.26"]
[Round "8"]
[White "Van der Wiel, John"]
[Black "Kuijf, Marinus"]
[Result "1-0"]
[WhiteElo "2540"]
[BlackElo "2440"]
[EventDate "1992.03.17"]
[PlyCount "72"]

1.e4 e6 2.d4 d5 3.Nd2 Nf6 4.e5 Ne4 5.Nxe4 dxe4 6.Bc4 Nc6 7.c3 a6 8.Bb3 Na5
9.Bc2 c5 10.Bxe4 cxd4 11.Qxd4 Qxd4 12.cxd4 Bd7 13.Bd2 Bc6 14.f3 Nc4 15.
Bxc6+ bxc6 16.Rc1 Nxb2 17.Rxc6 Kd7 18.Rb6 Nc4 19.Rb7+ Kc6 20.Rxf7 Rb8 21.
Bc1 Rb1 22.Ne2 Ra1 23.O-O Rxa2 24.Nf4 Bb4 25.Nxe6 Kd5 26.Nf4+ Kxd4 27.Rd7+
Kc3 28.Rd3+ Kc2 29.Rf2+ Kxc1 30.Rxa2 a5 31.Rb3 Nd2 32.Rbb2 Rd8 33.e6 Bc5+ 
34.Kh1 g5 35.Ne2+ Kd1 36.Nc3+ Ke1 1-0

[Event "48th NED-ch"]
[Site "Eindhoven NED"]
[Date "1992.03.27"]
[Round "9"]
[White "Bosboom, Manuel"]
[Black "Brenninkmeijer, Joris"]
[Result "1-0"]
[WhiteElo "2455"]
[BlackElo "2500"]
[EventDate "1992.03.17"]
[PlyCount "67"]

1.e4 e6 2.d4 d5 3.e5 c5 4.c3 Nc6 5.Nf3 Qb6 6.a3 c4 7.Nbd2 Na5 8.g3 Bd7 9.
Bh3 Be7 10.O-O h5 11.Rb1 O-O-O 12.Ne1 g5 13.Bg2 Nh6 14.Bh1 Nf5 15.Ng2 f6 
16.exf6 Bxf6 17.Re1 g4 18.Nf4 h4 19.b4 hxg3 20.hxg3 Bxd4 21.cxd4 Qxd4 22.
Bg2 Nc6 23.b5 Nce7 24.Bb2 Qb6 25.Bxh8 Rxh8 26.Nf1 Nd4 27.Qxg4 Rg8 28.Qh4 
Nef5 29.Qh7 Qd8 30.Ne3 Rh8 31.Qg6 Rh6 32.Qg4 Nxe3 33.fxe3 e5 34.Qg7 1-0

[Event "48th NED-ch"]
[Site "Eindhoven NED"]
[Date "1992.03.27"]
[Round "9"]
[White "Knoppert, Erik"]
[Black "Cifuentes Parada, Roberto"]
[Result "1/2-1/2"]
[WhiteElo "2345"]
[BlackElo "2540"]
[EventDate "1992.03.17"]
[PlyCount "163"]

1.e4 c5 2.Ne2 e6 3.Nbc3 Nc6 4.g3 Nf6 5.Bg2 d6 6.O-O Be7 7.d3 O-O 8.h3 Rb8 
9.g4 b5 10.Ng3 b4 11.Nce2 d5 12.g5 Ne8 13.h4 dxe4 14.Nxe4 Nd4 15.Bf4 Rb6 
16.N2g3 f5 17.Nd2 Bd6 18.Bxd6 Nxd6 19.f4 Qc7 20.Ne2 Nc6 21.b3 Rb8 22.Nf3 
Nb5 23.Qd2 e5 24.fxe5 Nxe5 25.Nxe5 Qxe5 26.Rae1 Bd7 27.Kh1 Qd6 28.Nf4 Rbe8
29.h5 Nc3 30.Qf2 a6 31.Kg1 a5 32.Ne2 Nb5 33.Nf4 Nc3 34.Ne2 Nxe2+ 35.Rxe2 
Rxe2 36.Qxe2 a4 37.Qf3 Be6 38.Qf4 Qxf4 39.Rxf4 a3 40.Kf2 Re8 41.Bc6 Re7 
42.g6 hxg6 43.hxg6 Rc7 44.Bg2 Rc8 45.Ke3 Re8 46.Kd2 Kf8 47.d4 cxd4 48.Rxd4
Rb8 49.Rd6 Ke7 50.Ra6 Rh8 51.Ba8 Rh2+ 52.Kd3 Rh3+ 53.Kd4 Rh2 54.Kd3 Rh4 
55.Rb6 Rg4 56.Bf3 Rg3 57.Ke2 Rxg6 58.Rxb4 Rg1 59.Ra4 g5 60.Rxa3 g4 61.Ba8 
Kf6 62.Ra5 Kg5 63.Re5 Bf7 64.a4 Kf4 65.Rc5 Bg6 66.a5 Kg3 67.Rc3+ Kh4 68.
Rc4 Kg3 69.a6 f4 70.Rc3+ Kh4 71.b4 Bh5 72.Kf2 Rd1 73.Rd3 Rc1 74.Rc3 g3+ 
75.Kg2 Bg4 76.Rc4 Bh3+ 77.Kf3 Rf1+ 78.Ke2 Rf2+ 79.Ke1 Rf1+ 80.Ke2 Rf2+ 81.
Ke1 Rf1+ 82.Ke2 1/2-1/2

[Event "48th NED-ch"]
[Site "Eindhoven NED"]
[Date "1992.03.27"]
[Round "9"]
[White "Kuijf, Marinus"]
[Black "Van der Sterren, Paul"]
[Result "0-1"]
[WhiteElo "2440"]
[BlackElo "2535"]
[EventDate "1992.03.17"]
[PlyCount "62"]

1.e4 e5 2.Nf3 Nc6 3.Bb5 a6 4.Ba4 Nf6 5.d4 exd4 6.e5 Ne4 7.O-O Be7 8.Nxd4 
O-O 9.Nf5 d5 10.Nxe7+ Nxe7 11.c3 Nc5 12.Bc2 Bf5 13.Bxf5 Nxf5 14.Qc2 g6 15.
g4 Ng7 16.Be3 Nce6 17.f4 f5 18.exf6 Qxf6 19.Qg2 Rf7 20.Nd2 Raf8 21.Rae1 
Qd8 22.Qg3 Qd6 23.c4 d4 24.Ne4 Qc6 25.Bc1 Qxc4 26.b3 Qd5 27.Rf2 Re8 28.Qf3
c6 29.Rff1 Nc5 30.Ng5 Rxe1 31.Rxe1 Qxg5 0-1

[Event "48th NED-ch"]
[Site "Eindhoven NED"]
[Date "1992.03.27"]
[Round "9"]
[White "Piket, Jeroen"]
[Black "Nijboer, Friso"]
[Result "1/2-1/2"]
[WhiteElo "2615"]
[BlackElo "2455"]
[EventDate "1992.03.17"]
[PlyCount "60"]

1.d4 Nf6 2.c4 g6 3.Nf3 Bg7 4.g3 O-O 5.Bg2 d6 6.O-O Nbd7 7.Nc3 e5 8.h3 a6 
9.dxe5 dxe5 10.Be3 c6 11.Qb3 Qe7 12.Rfd1 Rb8 13.Rac1 Kh8 14.c5 h6 15.Nd2 
Ne8 16.Nc4 f5 17.Na4 Nc7 18.Nd6 Nb5 19.Qd3 Nf6 20.Nxc8 Rbxc8 21.Nb6 Rcd8 
22.Qc4 Nh5 23.Rxd8 Rxd8 24.a4 f4 25.axb5 fxe3 26.bxc6 exf2+ 27.Kxf2 Qg5 
28.Rc3 bxc6 29.Qg4 Qd2 30.Nc4 Qd1 1/2-1/2

[Event "48th NED-ch"]
[Site "Eindhoven NED"]
[Date "1992.03.27"]
[Round "9"]
[White "Sosonko, Gennadi"]
[Black "Van der Wiel, John"]
[Result "1-0"]
[WhiteElo "2530"]
[BlackElo "2540"]
[EventDate "1992.03.17"]
[PlyCount "161"]

1.d4 Nf6 2.c4 c6 3.Nc3 d5 4.Nf3 e6 5.g3 Nbd7 6.Bg2 dxc4 7.O-O Be7 8.e4 O-O
9.Bf4 Qa5 10.a4 Bb4 11.Qc2 h6 12.Nd2 Nb6 13.Bc7 Ne8 14.Nxc4 Qa6 15.Nxb6 
axb6 16.Bf4 Nf6 17.Rfd1 Re8 18.h3 Bd7 19.Be5 Nh7 20.Bf4 Nf6 21.Be3 Qa5 22.
Qb3 Bxc3 23.Qxc3 Qxc3 24.bxc3 c5 25.dxc5 Bxa4 26.Rd4 Bc6 27.Rxa8 Rxa8 28.
cxb6 Ra1+ 29.Kh2 Rb1 30.c4 e5 31.Rd8+ Kh7 32.Rc8 Nd7 33.c5 Rb3 34.h4 Rc3 
35.Bh3 Nxc5 36.h5 g5 37.Bxc5 Rxc5 38.Bd7 Rb5 39.Bxc6 bxc6 40.Rxc6 g4 41.
Rc7 Kg7 42.b7 Rb1 43.Kg2 Kf6 44.f4 Rb2+ 45.Kf1 exf4 46.gxf4 g3 47.Kg1 Ke6 
48.Rc6+ Ke7 49.e5 Rxb7 50.Kg2 Rb3 51.Rxh6 Kf8 52.Rf6 Kg7 53.Kh3 Re3 54.h6+
Kg8 55.h7+ Kh8 56.Kg2 Rb3 57.Rh6 Re3 58.Rf6 Rb3 59.Rh6 Re3 60.Rh5 f6 61.
exf6 Re8 62.Kxg3 Rf8 63.Rh6 Rf7 64.Kg4 Ra7 65.Rh5 Ra8 66.Re5 Kxh7 67.Kg5 
Rg8+ 68.Kf5 Ra8 69.Kg5 Rg8+ 70.Kf5 Ra8 71.Ke6 Ra6+ 72.Kf7 Kh6 73.Re6 Ra4 
74.Re1 Ra7+ 75.Re7 Ra4 76.f5 Kg5 77.Kg7 Kxf5 78.f7 Rg4+ 79.Kf8 Ra4 80.Rb7 
Re4 81.Rb6 1-0

[Event "48th NED-ch"]
[Site "Eindhoven NED"]
[Date "1992.03.27"]
[Round "9"]
[White "Van Mil, Johannes"]
[Black "Klarenbeek, Hans"]
[Result "1/2-1/2"]
[WhiteElo "2445"]
[BlackElo "2415"]
[EventDate "1992.03.17"]
[PlyCount "99"]

1.e4 e5 2.Nf3 Nc6 3.Bb5 a6 4.Ba4 Nf6 5.O-O Be7 6.Bxc6 dxc6 7.Nc3 Nd7 8.d4 
exd4 9.Qxd4 O-O 10.Bf4 Nc5 11.Qe3 Bg4 12.Nd4 Bd6 13.e5 Be7 14.h3 Bh5 15.g4
Bg6 16.Rad1 Qe8 17.Nf5 Ne6 18.Ne4 c5 19.c3 Rd8 20.Bg3 b6 21.f4 Rxd1 22.
Nxe7+ Qxe7 23.Rxd1 Bxe4 24.Qxe4 Rd8 25.Rd5 h5 26.gxh5 c6 27.Rxd8+ Qxd8 28.
Qxc6 Qd1+ 29.Kh2 Qxh5 30.Qg2 Kh7 31.Qf2 Qf5 32.a4 b5 33.axb5 axb5 34.Kg2 
b4 35.cxb4 cxb4 36.Qe3 Qc2+ 37.Qf2 b3 38.f5 Nc5 39.Qxc2 bxc2 40.Bf4 Nd3 
41.Bd2 Nxb2 42.e6 fxe6 43.fxe6 Kg8 44.Kf3 Nd3 45.Kg4 c1=Q 46.Bxc1 Nxc1 47.
h4 Nb3 48.h5 Nd4 49.h6 gxh6 50.e7 1/2-1/2

[Event "48th NED-ch"]
[Site "Eindhoven NED"]
[Date "1992.03.28"]
[Round "10"]
[White "Brenninkmeijer, Joris"]
[Black "Piket, Jeroen"]
[Result "0-1"]
[WhiteElo "2500"]
[BlackElo "2615"]
[EventDate "1992.03.17"]
[PlyCount "68"]

1.d4 Nf6 2.c4 g6 3.Nc3 Bg7 4.e4 d6 5.Nf3 O-O 6.Be2 e5 7.Be3 Nbd7 8.O-O c6 
9.d5 Ng4 10.Bg5 f6 11.Bd2 Qe7 12.b4 Nh6 13.Qc2 Nf7 14.Ne1 Kh8 15.Rb1 f5 
16.f3 Nf6 17.Nd3 Bd7 18.Nf2 cxd5 19.cxd5 Rac8 20.Qb3 Nh5 21.Rfc1 Bh6 22.
Qd1 Bg5 23.Bf1 Kg7 24.a4 Rc7 25.Bxg5 Qxg5 26.Nb5 Rxc1 27.Rxc1 Bxb5 28.Bxb5
Qe3 29.exf5 gxf5 30.a5 Nf4 31.Rc7 Kf6 32.Bf1 Ng5 33.h4 Ngh3+ 34.gxh3 Rg8+ 
0-1

[Event "48th NED-ch"]
[Site "Eindhoven NED"]
[Date "1992.03.28"]
[Round "10"]
[White "Cifuentes Parada, Roberto"]
[Black "Van Mil, Johannes"]
[Result "1/2-1/2"]
[WhiteElo "2540"]
[BlackElo "2445"]
[EventDate "1992.03.17"]
[PlyCount "154"]

1.d4 Nf6 2.Nf3 g6 3.Bg5 Bg7 4.Nbd2 c5 5.Bxf6 Bxf6 6.Ne4 Bxd4 7.Nxd4 cxd4 
8.Qxd4 O-O 9.c4 Nc6 10.Qd2 d6 11.Nc3 Be6 12.e4 a6 13.Be2 Rb8 14.O-O Qa5 
15.Rfd1 Rfc8 16.Rac1 Ne5 17.b3 Qc5 18.Nd5 Bxd5 19.exd5 a5 20.Rc3 Rf8 21.
Re3 Rbe8 22.Kh1 Nd7 23.Re1 Qc7 24.Bd1 Nc5 25.Bc2 b6 26.h4 e5 27.dxe6 Rxe6 
28.Rxe6 fxe6 29.Kg1 e5 30.Rd1 Rf6 31.a3 Qf7 32.f3 Kg7 33.b4 axb4 34.axb4 
Nd7 35.Qc3 Nf8 36.Be4 Qc7 37.Bd5 Ne6 38.Bxe6 Rxe6 39.Qd3 Rf6 40.Qd5 h5 41.
Rd2 Qa7 42.Kh2 Qc7 43.g3 Qc8 44.Ra2 Qf5 45.Ra7+ Rf7 46.Rxf7+ Qxf7 47.Qxd6 
Qxc4 48.Qxe5+ Kf7 49.b5 Qf1 50.Qc7+ Kg8 51.Qxb6 Qe2+ 52.Kg1 Qe1+ 53.Kg2 
Qe2+ 54.Qf2 Qxb5 55.Qc2 Kg7 56.Qc3+ Kf7 57.Kf2 Qb6+ 58.Ke2 Qe6+ 59.Qe3 
Qa2+ 60.Qd2 Qe6+ 61.Kf2 Qb6+ 62.Kg2 Kg7 63.Qc3+ Kg8 64.f4 Qe6 65.Kf2 Qe4 
66.Qe5 Qc2+ 67.Kf3 Qd1+ 68.Kg2 Qc2+ 69.Kf3 Qd1+ 70.Qe2 Qd5+ 71.Kf2 Kf7 72.
Qc2 Qd4+ 73.Ke2 Qd5 74.Qc3 Qg2+ 75.Kd1 Qf1+ 76.Kd2 Qf2+ 77.Kc1 Kg8 1/2-1/2

[Event "48th NED-ch"]
[Site "Eindhoven NED"]
[Date "1992.03.28"]
[Round "10"]
[White "Klarenbeek, Hans"]
[Black "Bosboom, Manuel"]
[Result "1/2-1/2"]
[WhiteElo "2415"]
[BlackElo "2455"]
[EventDate "1992.03.17"]
[PlyCount "82"]

1.d4 Nf6 2.c4 c5 3.d5 b5 4.cxb5 a6 5.e3 axb5 6.Bxb5 Qa5+ 7.Nc3 Bb7 8.Ne2 
Nxd5 9.O-O Nxc3 10.Nxc3 e6 11.e4 Nc6 12.Be3 Be7 13.f4 Rd8 14.f5 Qc7 15.Bf4
Qb6 16.a4 O-O 17.Bd6 c4+ 18.Kh1 Bxd6 19.Qxd6 exf5 20.exf5 Qd4 21.Rad1 Qxd6
22.Rxd6 Ne5 23.a5 Ba8 24.h3 h5 25.f6 Rfe8 26.fxg7 Re6 27.Rd4 Rg6 28.Nd5 
Kxg7 29.Nf4 Rg5 30.Bxc4 Nxc4 31.Rxc4 Rxa5 32.b4 Rf5 33.Rc5 Rxc5 34.bxc5 
Rh8 35.Rd1 Bc6 36.Kh2 h4 37.g3 hxg3+ 38.Kxg3 Kf6 39.Rd6+ Kf5 40.Ne2 Rg8+ 
41.Kf2 Ke5 1/2-1/2

[Event "48th NED-ch"]
[Site "Eindhoven NED"]
[Date "1992.03.28"]
[Round "10"]
[White "Nijboer, Friso"]
[Black "Kuijf, Marinus"]
[Result "0-1"]
[WhiteElo "2455"]
[BlackElo "2440"]
[EventDate "1992.03.17"]
[PlyCount "84"]

1.e4 e6 2.d4 d5 3.Nd2 Nf6 4.e5 Ne4 5.Bd3 Nxd2 6.Bxd2 c5 7.Nf3 Qb6 8.dxc5 
Bxc5 9.O-O Nc6 10.b4 Bxb4 11.Rb1 Qc5 12.c3 Ba5 13.Qa4 Bc7 14.Rfe1 Qe7 15.
c4 O-O 16.cxd5 exd5 17.Nd4 Qh4 18.f4 Nxd4 19.Qxd4 Bb6 20.Rxb6 axb6 21.Bb4 
Rxa2 22.Re2 Ra4 23.Bc2 Rxb4 24.Qxb4 Be6 25.Rf2 Ra8 26.Rf1 g6 27.Qxb6 Qe7 
28.Bd3 Ra3 29.Rd1 Ra4 30.g3 Rb4 31.Qa5 Kg7 32.Rc1 b6 33.Qa3 Qf8 34.Bf1 h5 
35.Rc6 Rb1 36.Qxf8+ Kxf8 37.Kf2 b5 38.Bd3 Rb2+ 39.Ke3 Kg7 40.Rc2 Rb3 41.
Rd2 Bf5 42.h3 g5 0-1

[Event "48th NED-ch"]
[Site "Eindhoven NED"]
[Date "1992.03.28"]
[Round "10"]
[White "Sosonko, Gennadi"]
[Black "Knoppert, Erik"]
[Result "0-1"]
[WhiteElo "2530"]
[BlackElo "2345"]
[EventDate "1992.03.17"]
[PlyCount "108"]

1.d4 g6 2.e4 Bg7 3.Nf3 Nf6 4.e5 Ne4 5.Bd3 d5 6.exd6 Nxd6 7.O-O O-O 8.Re1 
Bg4 9.c3 Nc6 10.Bf4 Re8 11.d5 e5 12.dxe6 Rxe6 13.Rxe6 Bxe6 14.Nbd2 Bf5 15.
Bxf5 Nxf5 16.Qb3 Na5 17.Qc2 c5 18.Ne4 b6 19.h3 Qd5 20.Bg5 h6 21.Nf6+ Bxf6 
22.Bxf6 Re8 23.Qa4 Qc6 24.Qxc6 Nxc6 25.Re1 Rxe1+ 26.Nxe1 Nd6 27.f3 Ne8 28.
Bh4 f5 29.Bg3 Kf7 30.Kf2 Ke6 31.Ke2 Nf6 32.Nc2 g5 33.Bf2 Nd5 34.Ne3 Nf4+ 
35.Kd2 Ne5 36.Bg3 Nfg6 37.Bxe5 Kxe5 38.g3 h5 39.Nc4+ Kd5 40.Ne3+ Ke6 41.
Ng2 Ke5 42.Ke3 f4+ 43.gxf4+ gxf4+ 44.Ke2 Kf5 45.h4 c4 46.Kd2 Nxh4 47.Nxh4+
Kg5 48.Ng6 Kxg6 49.Ke2 h4 50.Kf2 h3 51.Kg1 Kg5 52.Kh2 Kh4 53.b3 cxb3 54.
axb3 a6 0-1

[Event "48th NED-ch"]
[Site "Eindhoven NED"]
[Date "1992.03.28"]
[Round "10"]
[White "Van der Wiel, John"]
[Black "Van der Sterren, Paul"]
[Result "1/2-1/2"]
[WhiteElo "2540"]
[BlackElo "2535"]
[EventDate "1992.03.17"]
[PlyCount "67"]

1.e4 e5 2.Nf3 Nc6 3.Bb5 a6 4.Bxc6 dxc6 5.O-O f6 6.d4 exd4 7.Nxd4 c5 8.Ne2 
Qxd1 9.Rxd1 Bd7 10.Be3 O-O-O 11.Nbc3 Bd6 12.Bf4 Bc6 13.Bxd6 Rxd6 14.Nf4 
Nh6 15.Rxd6 cxd6 16.Rd1 Re8 17.Nh5 Re7 18.f3 Rd7 19.g4 Kd8 20.Kf2 Ke8 21.
h4 Kf7 22.Ng3 g6 23.Nd5 Ng8 24.Nb6 Rd8 25.Nc4 b5 26.Rxd6 Rxd6 27.Nxd6+ Ke6
28.Nc8 Kd7 29.Nb6+ Kc7 30.Nd5+ Bxd5 31.exd5 Kd6 32.Ke3 Kxd5 33.Ne4 f5 34.
gxf5 1/2-1/2